000 00771nam a2200229 i 4500
001 bg
100 1 _aMALARSKI, Marek
245 1 0 _aModelowanie procesów ruchu lotniczego dla kontroli i planowania lotów /
_cMarek Malarski.
260 _aWarszawa :
_bOficyna Wydawnicza Politechniki Warszawskiej,
_c2002.
300 _a166 s. :
_bil. ;
_c24 cm.
490 1 _aPrace Naukowe. Transport / Politechnika Warszawska,
_x01230-9265 ;
_vz. 49
500 _aStreszcz. ang.
504 _aBibliogr.
650 9 _aRuch lotniczy
_xzarządzanie
650 9 _aLotniska
_xorganizacja
830 0 _aPrace Naukowe. Transport (Politechnika Warszawska) ;
_vz. 49
040 _cBPK
041 0 _apl
_ben
080 _a656.7
942 _cKS
008 s pl f |000 0 pol
999 _c42056
_d42056
856 _uhttp://koha.tu.koszalin.pl/cgi-bin/koha/opac-detail.pl?biblionumber=42056
_yKatalog online BPK